| 000 | 00760nam a2200217 i 4500 | ||
|---|---|---|---|
| 001 | bgj | ||
| 245 | 0 | 0 |
_aEssential articles : _bthe journalism file / _cedited by Christine Shepherd and Chas White. |
| 260 |
_aCarlisle, England : _bCarel Press, _c1994. |
||
| 300 |
_a402 pp : _bill., photos ; _c31 cm. |
||
| 500 | _aIncludes wall chart with a Guide to essential articles 1, 2, 3 & 4. 126 x 88 cm. | ||
| 505 | _aIncludes cross references, index and teacher's notes, drama notes. | ||
| 650 | 9 | _aEssays in English | |
| 700 | 1 |
_aSHEPHERD, Christine. _eeditor |
|
| 700 | 1 |
_aWHITE, Chas. _eeditor |
|
| 020 | _a1872365205 (hbk) | ||
| 040 | _cBPK | ||
| 041 | 0 | _aeng | |
| 920 | _a1-872365-20-5 (hbk) | ||
| 942 | _cKS | ||
| 008 | s uk f |000 0 eng | ||
| 999 |
_c50152 _d50152 |
||